Warriors of the Himalayas : (Record no. 26973)

000 -LEADER
fixed length control field 02072cam a22004214a 4500
001 - CONTROL NUMBER
control field 14213665
003 - CONTROL NUMBER IDENTIFIER
control field OSt
005 - DATE AND TIME OF LATEST TRANSACTION
control field 20170207100437.0
008 - FIXED-LENGTH DATA ELEMENTS--GENERAL INFORMATION
fixed length control field 051229s2006 nyuab bc 001 0 eng
010 ## - LIBRARY OF CONGRESS CONTROL NUMBER
LC control number 2005037903
015 ## - NATIONAL BIBLIOGRAPHY NUMBER
National bibliography number GBA618780
Source bnb
016 7# - NATIONAL BIBLIOGRAPHIC AGENCY CONTROL NUMBER
Record control number 013391341
Source Uk
020 ## - INTERNATIONAL STANDARD BOOK NUMBER
International Standard Book Number 1588391809 (hdbk.)
020 ## - INTERNATIONAL STANDARD BOOK NUMBER
International Standard Book Number 1588391817 (pbk.)
020 ## - INTERNATIONAL STANDARD BOOK NUMBER
International Standard Book Number 0300111533 (Yale University Press)
020 ## - INTERNATIONAL STANDARD BOOK NUMBER
International Standard Book Number 9780300111538
035 ## - SYSTEM CONTROL NUMBER
System control number (OCoLC)ocm62804683
040 ## - CATALOGING SOURCE
Original cataloging agency DLC
Transcribing agency DLC
Modifying agency BAKER
-- C#P
-- VP@
-- UKM
-- DLC
041 0# - LANGUAGE CODE
Language code of text/sound track or separate title eng
-- tib
042 ## - AUTHENTICATION CODE
Authentication code pcc
043 ## - GEOGRAPHIC AREA CODE
Geographic area code a-cc-ti
050 00 - LIBRARY OF CONGRESS CALL NUMBER
Classification number NK6683.A3
Item number T55 2006
082 00 - DEWEY DECIMAL CLASSIFICATION NUMBER
Classification number 739.70951/50747471
Edition number 22
100 1# - MAIN ENTRY--PERSONAL NAME
Personal name LaRocca, Donald J.
245 10 - TITLE STATEMENT
Title Warriors of the Himalayas :
Remainder of title rediscovering the arms and armor of Tibet /
Statement of responsibility, etc. Donald J. LaRocca, with essays by John Clarke, Amy Heller, and Lozang Jamspal.
260 ## - PUBLICATION, DISTRIBUTION, ETC. (IMPRINT)
Place of publication, distribution, etc. New York :
Name of publisher, distributor, etc. Metropolitan Museum of Art ;
Place of publication, distribution, etc. New Haven :
Name of publisher, distributor, etc. Yale University Press,
Date of publication, distribution, etc. c2006.
300 ## - PHYSICAL DESCRIPTION
Extent xii, 307 p. :
Other physical details ill. (some col.), map ;
Dimensions 29 cm.
500 ## - GENERAL NOTE
General note Catalog of an exhibition at the Metropolitan Museum of Art, New York, Apr. 5-July 2, 2006.
504 ## - BIBLIOGRAPHY, ETC. NOTE
Bibliography, etc Includes bibliographical references (p. 289-298) and index.
546 ## - LANGUAGE NOTE
Language note Includes excerpts from a text in Tibetan.
650 #0 - SUBJECT ADDED ENTRY--TOPICAL TERM
Topical term or geographic name as entry element Armor
Geographic subdivision China
-- Tibet Autonomous Region
Form subdivision Exhibitions.
650 #0 - SUBJECT ADDED ENTRY--TOPICAL TERM
Topical term or geographic name as entry element Weapons
Geographic subdivision China
-- Tibet Autonomous Region
Form subdivision Exhibitions.
710 2# - ADDED ENTRY--CORPORATE NAME
Corporate name or jurisdiction name as entry element Metropolitan Museum of Art (New York, N.Y.)
856 41 - ELECTRONIC LOCATION AND ACCESS
Materials specified Table of contents only
Uniform Resource Identifier <a href="http://www.loc.gov/catdir/toc/ecip066/2005037903.html">http://www.loc.gov/catdir/toc/ecip066/2005037903.html</a>
856 42 - ELECTRONIC LOCATION AND ACCESS
Materials specified Contributor biographical information
Uniform Resource Identifier <a href="http://www.loc.gov/catdir/enhancements/fy0623/2005037903-b.html">http://www.loc.gov/catdir/enhancements/fy0623/2005037903-b.html</a>
906 ## - LOCAL DATA ELEMENT F, LDF (RLIN)
a 7
b cbc
c orignew
d 1
e ecip
f 20
g y-gencatlg
942 ## - ADDED ENTRY ELEMENTS (KOHA)
Source of classification or shelving scheme
Koha item type Hard Covered Materials
Classification part NK 6683 .A3T55 2006
Holdings
Withdrawn status Lost status Source of classification or shelving scheme Damaged status Not for loan Home library Current library Shelving location Date acquired Source of acquisition Total Checkouts Full call number Barcode Date last seen Price effective from Koha item type
          MACHAKOS UNIVERSITY LIBRARY MACHAKOS UNIVERSITY LIBRARY Technical section 07/02/2017 Donation (BFA)   NK 6683 .A3T55 2006 34471 08/06/2018 07/02/2017 Hard Covered Materials
© Machakos University Library, Along The Highway, Machakos Wote Rd, Machakos, Kenya P.O. Box 136 - 90100 Machakos - Kenya

Tel: ( +254 ) 723 805829 OR Fax : 044-20353 OR Email: library@mksu.ac.ke